000 00352nam a2200133Ia 4500
008 240624s9999 xx 000 0 und d
041 _aeng
082 _a152.4 MAN
100 _aMANZ CHARLES C
245 _aEMOTIONAL DISCIPLINE THE POWER TO CHOOSE
260 _c2003
_aNew Delhi
_bTata McGrawhill
300 _axiii, : 234 : p. : cm. ; 21
365 _cRS
999 _c3212
_d3212